[Event "Greek Team Championship"]
[Site "chess24.com"]
[Date "2017.07.08"]
[Round "7"]
[White "Karamalis, Georgios"]
[Black "Lagaras, Stylianos"]
[Result "1-0"]
[Board "3"]
[WhiteElo "2016"]
[WhiteCountry "GRE"]
[WhiteFideId "4221613"]
[WhiteEloChange "2"]
[BlackElo "1668"]
[BlackCountry "GRE"]
[BlackFideId "25837788"]
[BlackEloChange "-2"]

1. e4 {[%clk 1:26:46]} c5 {[%clk 1:30:59]} 2. Nf3 {[%clk 1:26:59]} d6 {[%clk
1:31:27]} 3. Bb5+ {[%clk 1:24:19]} Nd7 {[%clk 1:31:55]} 4. c3 {[%clk 1:23:21]}
Nf6 {[%clk 1:32:16]} 5. Qe2 {[%clk 1:23:15]} a6 {[%clk 1:31:15]} 6. Ba4 {[%clk
1:23:28]} b5 {[%clk 1:30:23]} 7. Bc2 {[%clk 1:23:51]} e5 {[%clk 1:29:49]} 8. O-O
{[%clk 1:23:44]} Be7 {[%clk 1:29:37]} 9. Rd1 {[%clk 1:07:49]} O-O {[%clk
1:27:37]} 10. d4 {[%clk 1:07:42]} Qc7 {[%clk 1:27:33]} 11. dxe5 {[%clk 1:07:26]}
Nxe5 {[%clk 1:20:16]} 12. h3 {[%clk 0:59:30]} h6 {[%clk 1:16:34]} 13. Nbd2 {[%clk
0:48:03]} Be6 {[%clk 1:16:04]} 14. Nh2 {[%clk 0:47:47]} c4 {[%clk 1:09:36]} 15.
Ndf3 {[%clk 0:39:17]} Nfd7 {[%clk 1:05:36]} 16. Nd4 {[%clk 0:36:10]} Nc5 {[%clk
1:05:03]} 17. b4 {[%clk 0:35:38]} Ncd3 {[%clk 0:53:24]} 18. Be3 {[%clk 0:35:23]}
g5 {[%clk 0:50:24]} 19. Qh5 {[%clk 0:31:55]} Kg7 {[%clk 0:41:31]} 20. g3 {[%clk
0:31:56]} Qb7 {[%clk 0:39:59]} 21. Ng4 {[%clk 0:21:53]} Bxg4 {[%clk 0:30:58]} 22.
hxg4 {[%clk 0:22:04]} Rh8 {[%clk 0:29:54]} 23. Nf5+ {[%clk 0:12:10]} Kf8 {[%clk
0:29:31]} 24. Qh1 {[%clk 0:12:28]} Rd8 {[%clk 0:27:24]} 25. Bd4 {[%clk 0:12:04]}
Rh7 {[%clk 0:20:25]} 26. Ne3 {[%clk 0:10:41]} Qc8 {[%clk 0:17:54]} 27. f3 {[%clk
0:10:01]} Nc6 {[%clk 0:13:27]} 28. Nd5 {[%clk 0:08:46]} Nde5 {[%clk 0:10:05]} 29.
Bb6 {[%clk 0:09:06]} Re8 {[%clk 0:09:48]} 30. a4 {[%clk 0:09:18]} Bd8 {[%clk
0:06:37]} 31. Bf2 {[%clk 0:08:02]} Re6 {[%clk 0:05:44]} 32. axb5 {[%clk 0:08:13]}
axb5 {[%clk 0:06:04]} 33. Kg2 {[%clk 0:08:26]} h5 {[%clk 0:05:16]} 34. gxh5
{[%clk 0:06:24]} Reh6 {[%clk 0:05:15]} 35. g4 {[%clk 0:05:10]} Nxg4 {[%clk
0:04:41]} 36. Ra8 {[%clk 0:05:19]} Qd7 {[%clk 0:02:31]} 37. Qh3 {[%clk 0:05:33]}
Nce5 {[%clk 0:01:45]} 38. fxg4 {[%clk 0:05:38]} Nxg4 {[%clk 0:01:46]} 39. Rxd8+
{[%clk 0:05:12]} Qxd8 {[%clk 0:02:12]} 40. Qxg4 {[%clk 0:35:34]} Rxh5 {[%clk
0:32:17]} 41. Bg3 {[%clk 0:35:26]} R7h6 {[%clk 0:31:28]} 42. Rf1 {[%clk 0:34:32]}
Kg7 {[%clk 0:31:22]} 43. Qf5 {[%clk 0:34:24]} f6 {[%clk 0:29:12]} 44. Ra1 {[%clk
0:33:33]} Qe8 {[%clk 0:28:21]} 45. Ra7+ {[%clk 0:33:43]} Kh8 {[%clk 0:28:40]} 46.
Nxf6 {[%clk 0:33:27]} 1-0

[Event "Greek Team Championship"]
[Site "chess24.com"]
[Date "2017.07.08"]
[Round "7"]
[White "Papadoulis, Vasilis"]
[Black "Iliopoulos, Alexios"]
[Result "0-1"]
[Board "4"]
[WhiteElo "1612"]
[WhiteCountry "GRE"]
[WhiteFideId "4219783"]
[WhiteEloChange "-3"]
[BlackElo "1891"]
[BlackCountry "GRE"]
[BlackFideId "4208994"]
[BlackEloChange "3"]

1. d4 {[%clk 1:30:30]} d5 {[%clk 1:11:14]} 2. Nf3 {[%clk 1:30:24]} c5 {[%clk
1:09:59]} 3. Bg5 {[%clk 1:30:19]} Qb6 {[%clk 0:59:50]} 4. Nc3 {[%clk 1:27:25]} e6
{[%clk 0:57:12]} 5. Rb1 {[%clk 1:26:47]} Nc6 {[%clk 0:53:48]} 6. e3 {[%clk
1:24:36]} Nf6 {[%clk 0:45:16]} 7. Bb5 {[%clk 1:19:35]} a6 {[%clk 0:42:31]} 8.
Bxc6+ {[%clk 1:19:16]} bxc6 {[%clk 0:42:08]} 9. O-O {[%clk 1:19:10]} cxd4 {[%clk
0:30:32]} 10. exd4 {[%clk 1:16:38]} Be7 {[%clk 0:28:50]} 11. Qd3 {[%clk 1:12:33]}
O-O {[%clk 0:28:44]} 12. Ne5 {[%clk 1:12:04]} Qc7 {[%clk 0:22:44]} 13. f4 {[%clk
0:56:28]} c5 {[%clk 0:21:00]} 14. dxc5 {[%clk 0:53:10]} Bxc5+ {[%clk 0:16:45]}
15. Kh1 {[%clk 0:53:10]} Ne4 {[%clk 0:16:52]} 16. Qe2 {[%clk 0:40:27]} Nxc3
{[%clk 0:15:30]} 17. bxc3 {[%clk 0:37:38]} f6 {[%clk 0:15:20]} 18. Nf3 {[%clk
0:27:40]} fxg5 {[%clk 0:15:38]} 19. Nxg5 {[%clk 0:27:45]} Rf6 {[%clk 0:13:47]}
20. Rbe1 {[%clk 0:23:08]} Bd7 {[%clk 0:10:54]} 21. Qh5 {[%clk 0:20:54]} h6 {[%clk
0:10:53]} 22. Nf3 {[%clk 0:17:55]} Rxf4 {[%clk 0:07:04]} 23. Ne5 {[%clk 0:17:41]}
Rxf1+ {[%clk 0:06:18]} 24. Rxf1 {[%clk 0:18:06]} Be8 {[%clk 0:06:32]} 25. Qe2
{[%clk 0:16:30]} Bd6 {[%clk 0:06:29]} 26. Nf3 {[%clk 0:14:49]} Bf7 {[%clk
0:05:35]} 27. Nd4 {[%clk 0:15:02]} Qxc3 {[%clk 0:04:05]} 28. Qg4 {[%clk 0:13:39]}
Re8 {[%clk 0:03:10]} 29. g3 {[%clk 0:12:26]} Be5 {[%clk 0:03:12]} 30. Rxf7 {[%clk
0:11:51]} Qxd4 {[%clk 0:02:58]} 31. Qf3 {[%clk 0:11:19]} Bf6 {[%clk 0:03:10]} 32.
Qh5 {[%clk 0:11:03]} Qe4+ {[%clk 0:03:23]} 33. Kg1 {[%clk 0:11:05]} Rb8 {[%clk
0:03:35]} 34. Rc7 {[%clk 0:10:09]} Bd4+ {[%clk 0:03:25]} 0-1

[Event "Greek Team Championship"]
[Site "chess24.com"]
[Date "2017.07.08"]
[Round "7"]
[White "Zgouletas, Ioannis"]
[Black "Dalianis, Georgios"]
[Result "0-1"]
[Board "8"]
[WhiteElo "1514"]
[WhiteCountry "GRE"]
[WhiteFideId "4289455"]
[WhiteEloChange "-8"]
[BlackElo "1592"]
[BlackCountry "GRE"]
[BlackFideId "4271394"]
[BlackEloChange "8"]

1. e4 {[%clk 1:30:46]} e5 {[%clk 1:30:57]} 2. Nf3 {[%clk 1:31:07]} Nc6 {[%clk
1:31:23]} 3. Bc4 {[%clk 1:30:06]} Bc5 {[%clk 1:31:42]} 4. d3 {[%clk 1:26:56]} Nf6
{[%clk 1:31:34]} 5. O-O {[%clk 1:26:53]} d6 {[%clk 1:31:57]} 6. h3 {[%clk
1:27:11]} Na5 {[%clk 1:31:17]} 7. Bb3 {[%clk 1:27:24]} Nxb3 {[%clk 1:31:40]} 8.
axb3 {[%clk 1:27:51]} h6 {[%clk 1:31:44]} 9. Be3 {[%clk 1:28:05]} Bxe3 {[%clk
1:31:46]} 10. fxe3 {[%clk 1:28:26]} O-O {[%clk 1:32:02]} 11. Nc3 {[%clk 1:28:16]}
c6 {[%clk 1:31:33]} 12. d4 {[%clk 1:21:24]} Qe7 {[%clk 1:27:53]} 13. d5 {[%clk
1:11:17]} Rd8 {[%clk 1:21:53]} 14. Qd3 {[%clk 1:09:55]} cxd5 {[%clk 1:19:44]} 15.
Nxd5 {[%clk 1:09:25]} Nxd5 {[%clk 1:20:05]} 16. exd5 {[%clk 1:09:44]} e4 {[%clk
1:20:09]} 17. Qd4 {[%clk 1:10:06]} exf3 {[%clk 1:20:21]} 18. Rxf3 {[%clk
1:10:31]} a6 {[%clk 1:20:00]} 19. Raf1 {[%clk 1:10:49]} Rf8 {[%clk 1:19:48]} 20.
Rg3 {[%clk 1:10:26]} Qe5 {[%clk 1:20:06]} 21. Qh4 {[%clk 1:10:14]} Kh7 {[%clk
1:19:52]} 22. Rgf3 {[%clk 1:07:26]} Qxd5 {[%clk 1:19:12]} 23. c4 {[%clk 1:07:23]}
Qe6 {[%clk 1:18:04]} 24. e4 {[%clk 1:07:19]} f6 {[%clk 1:16:29]} 25. Rf5 {[%clk
1:06:27]} Bd7 {[%clk 1:15:20]} 26. Rh5 {[%clk 1:05:17]} Bc6 {[%clk 1:13:58]} 27.
Rf4 {[%clk 1:05:10]} Be8 {[%clk 1:13:51]} 28. Rd5 {[%clk 1:04:53]} g5 {[%clk
1:13:58]} 29. Qf2 {[%clk 1:04:36]} gxf4 {[%clk 1:14:14]} 30. Qxf4 {[%clk
1:05:05]} Rd8 {[%clk 1:14:19]} 31. c5 {[%clk 1:05:24]} Bg6 {[%clk 1:13:45]} 32.
Rd4 {[%clk 1:04:23]} Qe5 {[%clk 1:13:32]} 33. Qd2 {[%clk 1:04:12]} Qxc5 {[%clk
1:13:35]} 34. Kh1 {[%clk 1:04:31]} f5 {[%clk 1:13:41]} 35. Rc4 {[%clk 1:04:19]}
Qe5 {[%clk 1:13:37]} 36. Rc7+ {[%clk 1:03:57]} Rf7 {[%clk 1:13:58]} 37. Rxf7+
{[%clk 1:03:27]} Bxf7 {[%clk 1:14:24]} 38. exf5 {[%clk 1:03:10]} Qxf5 {[%clk
1:14:17]} 39. b4 {[%clk 1:03:22]} Bd5 {[%clk 1:14:24]} 40. Kg1 {[%clk 1:33:10]}
Rg8 {[%clk 1:44:10]} 41. g4 {[%clk 1:33:36]} Qe4 {[%clk 1:44:32]} 42. Qc3 {[%clk
1:33:52]} Qg2# {[%clk 1:44:54]} 0-1

[Event "Greek Team Championship"]
[Site "chess24.com"]
[Date "2017.07.08"]
[Round "7"]
[White "Stefanou, Dimitrios"]
[Black "Papaioannou, Paris"]
[Result "1-0"]
[Board "9"]
[WhiteElo "1571"]
[WhiteCountry "GRE"]
[WhiteFideId "25825011"]
[WhiteEloChange "2"]
[BlackElo "1117"]
[BlackCountry "GRE"]
[BlackFideId "4289374"]
[BlackEloChange "-2"]

1. e4 {[%clk 1:30:54]} e5 {[%clk 1:30:53]} 2. Nc3 {[%clk 1:31:18]} Nf6 {[%clk
1:30:40]} 3. Bc4 {[%clk 1:31:40]} Bc5 {[%clk 1:30:19]} 4. d3 {[%clk 1:31:13]} h6
{[%clk 1:30:02]} 5. f4 {[%clk 1:30:41]} exf4 {[%clk 1:27:47]} 6. Bxf4 {[%clk
1:30:52]} d6 {[%clk 1:26:39]} 7. Nf3 {[%clk 1:27:19]} Bg4 {[%clk 1:24:40]} 8. h3
{[%clk 1:27:05]} Bh5 {[%clk 1:24:06]} 9. Qd2 {[%clk 1:26:00]} Bb4 {[%clk
1:22:28]} 10. O-O-O {[%clk 1:24:20]} O-O {[%clk 1:20:20]} 11. g4 {[%clk 1:23:29]}
Bg6 {[%clk 1:20:17]} 12. g5 {[%clk 1:17:50]} Bxc3 {[%clk 1:16:27]} 13. Qxc3
{[%clk 1:17:04]} hxg5 {[%clk 1:15:22]} 14. Bxg5 {[%clk 1:17:17]} Nbd7 {[%clk
1:14:24]} 15. Nh4 {[%clk 1:16:47]} Bh5 {[%clk 1:14:02]} 16. Rdg1 {[%clk 1:15:13]}
g6 {[%clk 1:12:17]} 17. Rh2 {[%clk 1:11:15]} Ne5 {[%clk 1:08:21]} 18. Rf2 {[%clk
1:09:56]} Kg7 {[%clk 1:07:29]} 19. Bxf6+ {[%clk 1:08:06]} 1-0

[Event "Greek Team Championship"]
[Site "chess24.com"]
[Date "2017.07.08"]
[Round "7"]
[White "Georganas, Panayotis"]
[Black "Parginos, Vassilios"]
[Result "0-1"]
[Board "1"]
[WhiteElo "2018"]
[WhiteCountry "GRE"]
[WhiteFideId "4269870"]
[WhiteEloChange "-8"]
[BlackElo "2100"]
[BlackCountry "GRE"]
[BlackFideId "4207556"]
[BlackEloChange "8"]

1. e4 {[%clk 1:30:56]} c5 {[%clk 1:30:49]} 2. Nf3 {[%clk 1:31:17]} Nc6 {[%clk
1:31:14]} 3. d4 {[%clk 1:31:39]} cxd4 {[%clk 1:31:38]} 4. Nxd4 {[%clk 1:32:03]}
Nf6 {[%clk 1:32:01]} 5. Nxc6 {[%clk 1:32:12]} bxc6 {[%clk 1:32:12]} 6. Bd3 {[%clk
1:32:31]} e5 {[%clk 1:31:27]} 7. c4 {[%clk 1:32:39]} Bc5 {[%clk 1:28:35]} 8. O-O
{[%clk 1:32:46]} d6 {[%clk 1:27:36]} 9. Kh1 {[%clk 1:32:56]} Ng4 {[%clk 1:26:29]}
10. Qe2 {[%clk 1:28:04]} Qh4 {[%clk 1:26:32]} 11. h3 {[%clk 1:28:28]} Nxf2+
{[%clk 1:25:06]} 12. Kh2 {[%clk 1:28:47]} Ng4+ {[%clk 1:23:22]} 0-1

[Event "Greek Team Championship"]
[Site "chess24.com"]
[Date "2017.07.08"]
[Round "7"]
[White "Tepelenis, Nikolaos"]
[Black "Hararis, Georgios"]
[Result "1-0"]
[Board "2"]
[WhiteElo "2084"]
[WhiteCountry "GRE"]
[WhiteFideId "4207599"]
[WhiteEloChange "5"]
[BlackElo "1901"]
[BlackCountry "GRE"]
[BlackFideId "4254317"]
[BlackEloChange "-5"]

1. d4 {[%clk 1:30:55]} Nf6 {[%clk 1:30:41]} 2. c4 {[%clk 1:31:09]} e6 {[%clk
1:30:49]} 3. Nf3 {[%clk 1:29:35]} d5 {[%clk 1:30:39]} 4. e3 {[%clk 1:29:00]} Be7
{[%clk 1:30:46]} 5. Nc3 {[%clk 1:27:40]} O-O {[%clk 1:30:44]} 6. b3 {[%clk
1:26:19]} b6 {[%clk 1:28:05]} 7. Bb2 {[%clk 1:26:12]} Bb7 {[%clk 1:28:28]} 8. Be2
{[%clk 1:26:09]} Nbd7 {[%clk 1:28:19]} 9. O-O {[%clk 1:25:27]} c5 {[%clk
1:27:31]} 10. cxd5 {[%clk 1:12:59]} Nxd5 {[%clk 1:26:14]} 11. Nxd5 {[%clk
1:10:25]} Bxd5 {[%clk 1:25:39]} 12. Rc1 {[%clk 1:05:54]} cxd4 {[%clk 1:17:30]}
13. Nxd4 {[%clk 1:04:22]} Rc8 {[%clk 1:17:21]} 14. Rxc8 {[%clk 0:46:52]} Qxc8
{[%clk 1:17:37]} 15. Nf5 {[%clk 0:46:53]} exf5 {[%clk 1:08:48]} 16. Qxd5 {[%clk
0:47:05]} Nf6 {[%clk 1:02:16]} 17. Qe5 {[%clk 0:36:23]} Re8 {[%clk 1:01:34]} 18.
Bb5 {[%clk 0:32:14]} 1-0

[Event "Greek Team Championship"]
[Site "chess24.com"]
[Date "2017.07.08"]
[Round "7"]
[White "Kiriakopoulos, Antonios"]
[Black "Zioviris, Georgios"]
[Result "1/2-1/2"]
[Board "3"]
[WhiteElo "1859"]
[WhiteCountry "GRE"]
[WhiteFideId "4203933"]
[WhiteEloChange "-4"]
[BlackElo "1701"]
[BlackCountry "GRE"]
[BlackFideId "4276817"]
[BlackEloChange "4"]

1. e4 {[%clk 1:30:57]} c5 {[%clk 1:30:52]} 2. c3 {[%clk 1:30:41]} d6 {[%clk
1:28:38]} 3. d4 {[%clk 1:30:51]} cxd4 {[%clk 1:28:39]} 4. cxd4 {[%clk 1:31:15]}
Nf6 {[%clk 1:28:48]} 5. Nc3 {[%clk 1:31:36]} g6 {[%clk 1:28:36]} 6. h3 {[%clk
1:29:46]} Bg7 {[%clk 1:28:22]} 7. Nf3 {[%clk 1:29:45]} O-O {[%clk 1:27:16]} 8.
Bg5 {[%clk 1:28:37]} Qa5 {[%clk 1:19:46]} 9. Qd2 {[%clk 1:27:26]} Nbd7 {[%clk
1:18:00]} 10. Be2 {[%clk 1:18:34]} a6 {[%clk 1:16:07]} 11. O-O {[%clk 1:18:41]}
b5 {[%clk 1:14:53]} 12. a3 {[%clk 1:15:03]} Bb7 {[%clk 0:59:17]} 13. e5 {[%clk
1:11:44]} dxe5 {[%clk 0:57:58]} 14. dxe5 {[%clk 1:11:33]} Nxe5 {[%clk 0:57:30]}
15. Nxe5 {[%clk 1:10:08]} b4 {[%clk 0:57:48]} 16. Nc4 {[%clk 1:10:31]} bxc3
{[%clk 0:58:03]} 17. Nxa5 {[%clk 1:10:46]} cxd2 {[%clk 0:58:18]} 18. Nxb7 {[%clk
1:11:03]} Rab8 {[%clk 0:57:23]} 19. Bf3 {[%clk 1:00:04]} e5 {[%clk 0:57:26]} 20.
Bxf6 {[%clk 1:00:17]} Bxf6 {[%clk 0:57:50]} 21. Rad1 {[%clk 0:59:57]} Bg5 {[%clk
0:52:46]} 22. b4 {[%clk 0:59:42]} f5 {[%clk 0:52:22]} 23. Bd5+ {[%clk 0:58:45]}
Kg7 {[%clk 0:52:46]} 24. Nc5 {[%clk 0:58:42]} Rfe8 {[%clk 0:49:29]} 25. Ne6+
{[%clk 0:53:47]} Kf6 {[%clk 0:49:36]} 26. Nxg5 {[%clk 0:53:42]} Kxg5 {[%clk
0:48:53]} 27. Rxd2 {[%clk 0:53:48]} e4 {[%clk 0:49:14]} 28. Bc4 {[%clk 0:53:11]}
Rb6 {[%clk 0:48:54]} 29. Rd7 {[%clk 0:50:45]} Rc8 {[%clk 0:48:27]} 30. Rd4 {[%clk
0:40:58]} h5 {[%clk 0:46:06]} 31. Rfd1 {[%clk 0:40:26]} h4 {[%clk 0:45:54]} 32.
Bf7 {[%clk 0:39:07]} Rf6 {[%clk 0:45:26]} 33. Bd5 {[%clk 0:38:29]} Rc3 {[%clk
0:45:16]} 34. a4 {[%clk 0:38:13]} Kf4 {[%clk 0:43:53]} 35. b5 {[%clk 0:38:00]}
axb5 {[%clk 0:43:35]} 36. axb5 {[%clk 0:38:10]} Rd6 {[%clk 0:43:18]} 37. Bc6
{[%clk 0:35:40]} Rxd4 {[%clk 0:42:48]} 38. Rxd4 {[%clk 0:35:42]} Rc1+ {[%clk
0:42:57]} 39. Kh2 {[%clk 0:35:47]} Rb1 {[%clk 0:43:04]} 40. Rd2 {[%clk 1:02:47]}
g5 {[%clk 1:13:20]} 41. g3+ {[%clk 1:02:01]} hxg3+ {[%clk 1:12:57]} 42. fxg3+
{[%clk 1:02:26]} Ke3 {[%clk 1:12:40]} 43. Ra2 {[%clk 0:59:48]} Rb4 {[%clk
1:11:30]} 44. h4 {[%clk 0:59:27]} gxh4 {[%clk 1:09:11]} 45. gxh4 {[%clk 0:59:08]}
Kf4 {[%clk 1:05:08]} 46. Rg2 {[%clk 0:58:59]} Ke5 {[%clk 1:04:33]} 47. h5 {[%clk
0:59:07]} e3 {[%clk 1:04:51]} 48. Kh3 {[%clk 0:57:20]} f4 {[%clk 1:03:06]} 49. h6
{[%clk 0:57:15]} f3 {[%clk 1:02:55]} 50. Bxf3 {[%clk 0:55:18]} 1/2-1/2

[Event "Greek Team Championship"]
[Site "chess24.com"]
[Date "2017.07.08"]
[Round "7"]
[White "Benatsis, Alexandros"]
[Black "Salakas, Fotios"]
[Result "1-0"]
[Board "4"]
[WhiteElo "1630"]
[WhiteCountry "GRE"]
[WhiteFideId "4237382"]
[WhiteEloChange "9"]
[BlackElo "1596"]
[BlackCountry "GRE"]
[BlackFideId "4270185"]
[BlackEloChange "-9"]

1. e4 {[%clk 1:30:41]} c5 {[%clk 1:30:40]} 2. Nc3 {[%clk 1:31:05]} Nc6 {[%clk
1:30:58]} 3. f4 {[%clk 1:31:31]} e6 {[%clk 1:31:11]} 4. Nf3 {[%clk 1:31:55]} d5
{[%clk 1:31:00]} 5. d3 {[%clk 1:31:41]} d4 {[%clk 1:27:07]} 6. Ne2 {[%clk
1:31:46]} Nf6 {[%clk 1:27:19]} 7. h3 {[%clk 1:27:35]} Be7 {[%clk 1:27:21]} 8. g3
{[%clk 1:25:23]} b5 {[%clk 1:22:27]} 9. a4 {[%clk 1:24:56]} b4 {[%clk 1:01:16]}
10. Bg2 {[%clk 1:23:31]} Bb7 {[%clk 1:01:11]} 11. O-O {[%clk 1:23:21]} Qc7 {[%clk
0:53:25]} 12. Ne5 {[%clk 1:06:45]} O-O {[%clk 0:44:29]} 13. Nc4 {[%clk 0:58:05]}
Na5 {[%clk 0:35:39]} 14. Nxa5 {[%clk 0:52:28]} Qxa5 {[%clk 0:36:06]} 15. b3
{[%clk 0:52:50]} Qc7 {[%clk 0:32:01]} 16. g4 {[%clk 0:52:47]} Rad8 {[%clk
0:23:41]} 17. Ng3 {[%clk 0:51:43]} Nd7 {[%clk 0:22:37]} 18. g5 {[%clk 0:49:29]}
Bxg5 {[%clk 0:18:46]} 19. Qg4 {[%clk 0:49:35]} Bh6 {[%clk 0:15:33]} 20. f5 {[%clk
0:42:26]} Nf6 {[%clk 0:10:09]} 21. Qh4 {[%clk 0:41:59]} Bxc1 {[%clk 0:09:09]} 22.
Raxc1 {[%clk 0:42:23]} Qe5 {[%clk 0:09:05]} 23. Rf4 {[%clk 0:37:30]} Bc8 {[%clk
0:04:45]} 24. Rcf1 {[%clk 0:37:46]} h6 {[%clk 0:02:56]} 25. Nh5 {[%clk 0:35:03]}
Nh7 {[%clk 0:02:13]} 26. Rg4 {[%clk 0:32:43]} Ng5 {[%clk 0:01:28]} 27. f6 {[%clk
0:32:00]} g6 {[%clk 0:01:10]} 28. Ng7 {[%clk 0:28:55]} Kh7 {[%clk 0:01:38]} 29.
Qxh6+ {[%clk 0:28:47]} 1-0

[Event "Greek Team Championship"]
[Site "chess24.com"]
[Date "2017.07.08"]
[Round "7"]
[White "Tagkalaki, Ioanna Lambrini"]
[Black "Gioutsou, Miranta"]
[Result "0-1"]
[Board "7"]
[WhiteElo "1138"]
[WhiteCountry "GRE"]
[WhiteFideId "25852990"]
[WhiteEloChange "-6"]
[BlackElo "1294"]
[BlackCountry "GRE"]
[BlackFideId "25838296"]
[BlackEloChange "6"]

1. e4 {[%clk 1:30:58]} Nf6 {[%clk 1:30:56]} 2. e5 {[%clk 1:27:38]} Nd5 {[%clk
1:31:21]} 3. d4 {[%clk 1:26:59]} d6 {[%clk 1:31:46]} 4. c4 {[%clk 1:23:41]} Nb6
{[%clk 1:32:11]} 5. Nf3 {[%clk 1:22:35]} Bg4 {[%clk 1:32:31]} 6. exd6 {[%clk
1:18:54]} exd6 {[%clk 1:32:51]} 7. Bd3 {[%clk 1:18:15]} Be7 {[%clk 1:33:03]} 8.
O-O {[%clk 1:17:34]} O-O {[%clk 1:33:25]} 9. Re1 {[%clk 1:15:51]} h6 {[%clk
1:33:34]} 10. Nbd2 {[%clk 1:13:10]} Nc6 {[%clk 1:33:23]} 11. Nb3 {[%clk 1:09:30]}
Bf6 {[%clk 1:33:17]} 12. Be3 {[%clk 1:07:44]} Re8 {[%clk 1:31:18]} 13. h3 {[%clk
1:06:42]} Bh5 {[%clk 1:31:26]} 14. Rc1 {[%clk 1:02:10]} a5 {[%clk 1:29:09]} 15.
Rc2 {[%clk 0:45:15]} a4 {[%clk 1:28:36]} 16. Nbd2 {[%clk 0:45:23]} Bxd4 {[%clk
1:27:20]} 17. Bxd4 {[%clk 0:45:15]} Nxd4 {[%clk 1:27:34]} 18. Rxe8+ {[%clk
0:45:09]} Qxe8 {[%clk 1:27:40]} 19. Rc1 {[%clk 0:45:14]} Nxf3+ {[%clk 1:27:19]}
20. Nxf3 {[%clk 0:45:25]} Nd7 {[%clk 1:25:11]} 21. b3 {[%clk 0:41:04]} axb3
{[%clk 1:25:13]} 22. axb3 {[%clk 0:41:29]} Bxf3 {[%clk 1:24:31]} 23. Qxf3 {[%clk
0:41:45]} Ne5 {[%clk 1:24:46]} 24. Qe4 {[%clk 0:41:19]} Nxd3 {[%clk 1:25:08]} 25.
Qxd3 {[%clk 0:41:44]} Ra2 {[%clk 1:24:42]} 26. Kf1 {[%clk 0:39:42]} Qe5 {[%clk
1:22:41]} 27. Re1 {[%clk 0:39:32]} Ra1 {[%clk 1:22:57]} 28. Rxa1 {[%clk 0:38:52]}
Qxa1+ {[%clk 1:23:20]} 29. Ke2 {[%clk 0:39:13]} Qe5+ {[%clk 1:22:48]} 30. Kf1
{[%clk 0:39:26]} c6 {[%clk 1:22:07]} 31. Qf3 {[%clk 0:37:41]} d5 {[%clk 1:21:26]}
32. cxd5 {[%clk 0:35:49]} Qxd5 {[%clk 1:21:35]} 33. Qxd5 {[%clk 0:34:52]} cxd5
{[%clk 1:21:59]} 34. Ke2 {[%clk 0:35:15]} Kf8 {[%clk 1:22:18]} 35. Kd3 {[%clk
0:35:38]} Ke7 {[%clk 1:22:39]} 36. Kd4 {[%clk 0:36:01]} Kd6 {[%clk 1:23:04]} 37.
b4 {[%clk 0:36:17]} Kc6 {[%clk 1:23:08]} 38. f4 {[%clk 0:36:23]} Kb5 {[%clk
1:23:21]} 39. Kxd5 {[%clk 0:36:40]} Kxb4 {[%clk 1:23:42]} 40. Kd6 {[%clk
1:06:50]} b5 {[%clk 1:54:01]} 41. Ke7 {[%clk 1:07:04]} f5 {[%clk 1:54:00]} 42. g4
{[%clk 1:07:11]} fxg4 {[%clk 1:54:14]} 43. hxg4 {[%clk 1:07:35]} Kc5 {[%clk
1:54:29]} 44. f5 {[%clk 1:07:39]} b4 {[%clk 1:54:49]} 45. Kf7 {[%clk 1:07:59]} b3
{[%clk 1:55:06]} 46. Kxg7 {[%clk 1:08:23]} b2 {[%clk 1:55:20]} 47. f6 {[%clk
1:08:50]} b1Q {[%clk 1:55:40]} 48. f7 {[%clk 1:09:10]} Qb2+ {[%clk 1:55:43]} 49.
Kg8 {[%clk 1:09:26]} Qb3 {[%clk 1:55:57]} 50. Kg7 {[%clk 1:09:22]} Qc3+ {[%clk
1:56:18]} 51. Kxh6 {[%clk 1:09:23]} Qf6+ {[%clk 1:56:42]} 52. Kh5 {[%clk
1:09:19]} Qxf7+ {[%clk 1:57:06]} 53. Kh4 {[%clk 1:09:31]} Qg6 {[%clk 1:57:32]}
54. g5 {[%clk 1:09:11]} Kd4 {[%clk 1:57:55]} 55. Kg4 {[%clk 1:09:30]} Ke4 {[%clk
1:58:17]} 56. Kh4 {[%clk 1:09:50]} Kf3 {[%clk 1:58:30]} 57. Kh3 {[%clk 1:10:05]}
Qh5# {[%clk 1:58:55]} 0-1

[Event "Greek Team Championship"]
[Site "chess24.com"]
[Date "2017.07.08"]
[Round "7"]
[White "Bebis, Epaminondas-Alexandros"]
[Black "Antonopoulos, Panagiotis"]
[Result "1/2-1/2"]
[Board "8"]
[WhiteElo "1514"]
[WhiteCountry "GRE"]
[WhiteFideId "4262930"]
[WhiteEloChange "-5"]
[BlackElo "1335"]
[BlackCountry "GRE"]
[BlackFideId "4288980"]
[BlackEloChange "5"]

1. b4 {[%clk 1:29:13]} e5 {[%clk 1:29:44]} 2. Bb2 {[%clk 1:28:50]} d6 {[%clk
1:29:58]} 3. e3 {[%clk 1:27:01]} Nf6 {[%clk 1:29:29]} 4. c4 {[%clk 1:24:20]} g6
{[%clk 1:26:50]} 5. d4 {[%clk 1:17:28]} exd4 {[%clk 1:25:36]} 6. exd4 {[%clk
1:16:55]} Bg7 {[%clk 1:25:39]} 7. Qe2+ {[%clk 1:15:30]} Qe7 {[%clk 1:25:57]} 8.
Nf3 {[%clk 1:05:47]} Qxe2+ {[%clk 1:23:50]} 9. Bxe2 {[%clk 1:06:10]} O-O {[%clk
1:24:10]} 10. Nc3 {[%clk 1:02:40]} Bf5 {[%clk 1:22:55]} 11. O-O-O {[%clk
0:54:57]} Bh6+ {[%clk 1:20:55]} 12. Nd2 {[%clk 0:48:19]} Nc6 {[%clk 1:11:38]} 13.
f3 {[%clk 0:39:30]} Nxb4 {[%clk 1:01:59]} 14. g4 {[%clk 0:39:26]} Bd3 {[%clk
1:01:57]} 15. h4 {[%clk 0:35:22]} Be3 {[%clk 0:46:28]} 16. d5 {[%clk 0:31:03]}
Bd4 {[%clk 0:31:26]} 17. Nb3 {[%clk 0:21:06]} Be3+ {[%clk 0:18:29]} 18. Nd2
{[%clk 0:21:27]} Bd4 {[%clk 0:18:16]} 19. Nb3 {[%clk 0:21:47]} Be3+ {[%clk
0:18:26]} 20. Nd2 {[%clk 0:22:01]} Bd4 {[%clk 0:18:47]} 21. Nb3 {[%clk 0:22:19]}
1/2-1/2